Component based network system engineering (Record no. 476)
[ view plain ]
| 000 -LEADER | |
|---|---|
| fixed length control field | 00584 a2200193 4500 |
| 001 - CONTROL NUMBER | |
| control field | 066420 |
| 003 - CONTROL NUMBER IDENTIFIER | |
| control field | OSt |
| 005 - DATE AND TIME OF LATEST TRANSACTION | |
| control field | 20210928115305.0 |
| 008 - FIXED-LENGTH DATA ELEMENTS--GENERAL INFORMATION | |
| fixed length control field | |
| 082 ## - DEWEY DECIMAL CLASSIFICATION NUMBER | |
| Classification number | 004.65 |
| Item number | N79C |
| 100 1# - MAIN ENTRY--PERSONAL NAME | |
| Personal name | Davis, Rob |
| 245 1# - TITLE STATEMENT | |
| Title | Component based network system engineering |
| Statement of responsibility, etc | by Rob Davis, Mark Norris and Alan Pengelly |
| 260 ## - PUBLICATION, DISTRIBUTION, ETC. (IMPRINT) | |
| Place of publication, distribution, etc | Boston |
| Name of publisher, distributor, etc | Artech House |
| Date of publication, distribution, etc | 2000 |
| 300 ## - PHYSICAL DESCRIPTION | |
| Extent | 380p. |
| 690 ## - LOCAL SUBJECT ADDED ENTRY--TOPICAL TERM (OCLC, RLIN) | |
| Topical term or geographic name as entry element | Systems engineering; Component software; Computer networks; Computer network architectures |
| 700 ## - ADDED ENTRY--PERSONAL NAME | |
| Personal name | Norris, Mark |
| 700 ## - ADDED ENTRY--PERSONAL NAME | |
| Personal name | Pengelly, Alan |
| 942 ## - ADDED ENTRY ELEMENTS (KOHA) | |
| Source of classification or shelving scheme | Dewey Decimal Classification |
| Koha item type | Books |
| Withdrawn status | Lost status | Source of classification or shelving scheme | Damaged status | Not for loan | Collection code | Home library | Current library | Date acquired | Source of acquisition | Cost, normal purchase price | Full call number | Barcode | Date last seen | Price effective from | Koha item type |
|---|---|---|---|---|---|---|---|---|---|---|---|---|---|---|---|
| Dewey Decimal Classification | General Text Book | Central University Of Rajasthan | Central University Of Rajasthan | 07/03/2012 | CSC | 2610.00 | 004.65 N79C | 706 | 02/09/2020 | 02/09/2020 | Books |
